1132 1843 1836 1713 1046 1757 1738 1443 1763 1310 1371 1704 1754 1672 1025 1634 1116 1497 1744 1681 1476 1513 1420 1122 1439 1111 1366 1543 1161 1183 1765 1345 1294 1834 1052 1830 1952 1743 1298 1554 1297 1547 1479 1784 1305 1828 1785 1953 1015 1117 1299 1597 1288 1622 1205 1324 1840 1166 1962 1961 1918 1338 1962 1781 1075 1045 1844 1625 1984 1720 1422 1692 1917 1582 1809 1145 1330 1429 1774 1268 1107 1224 1957 1084 1096 1129 1849 1781 1679 1643 1905 1214 1272 1526 1854 1897 1108 1913 1971 BCNSPRNW ULIB Ver.6.0+V

เปลี่ยนเป็นภาษาไทย

Change to English
 แสดงรายละเอียดบรรณานุกรม
  กลับหน้าหลัก

Brief Record : Get Marc (ISO 2709) : E-mail record : QR code < ปิดหน้าต่าง
LEADER : 00000nam 2200000uu 4500
001    13399128165
003     ULIB
008    220802s2563||||th 000 0 tha d
020    ^a9786168253250 :^c500 บาท
050    ^aนว.^bพ112ห
100  0 ^aพงศกร
245  1 ^aหุบผาราชินี /^cพงศกร
250    ^aพิมพ์ครั้งที่ 4
260    ^aกรุงเทพฯ :^bกรู๊ฟ พับลิชชิ่ง,^c2563
300    ^a605 หน้า
650    ^aนวนิยายไทย
945    ^p500^l0^i009254
999    ^aประนอม เกษจรัล
รายการนี้ยังไม่มีแท็ก
คุณยังไม่ได้ล็อกอิน คุณสามารถมีกิจกรรมร่วมกับเว็บไซต์ได้ แต่ต้องล็อกอินก่อน ::
  ล็อกอิน

รายการสื่อสารสนเทศ

ลำดับที่ ประเภท เลขเรียก/บาร์โค้ด สถานที่ สถานะ
1. นวนิยาย
นวนิยาย
นว. พ112ห ฉ.1 
  Barcode: 009254
ห้องสมุดวิทยาเขตนครสวรรค์
►นวนิยาย:l:Fiction
บนชั้น

รายการใกล้เคียง
    ผู้แต่ง [พงศกร]

    หัวเรื่อง [นวนิยายไทย]

BibComment


ยังไม่เคยถูกคอมเมนท์

คอมเมนท์ทรัพยากรรายการนี้
  คอมเมนท์: หุบผาราชินี พงศกร


 Copyright 2026. Bcnsprnw @Library